Online
Catalog

Les immigrants haïtiens et leurs descendants en Repúblique Dominicaine / (Record no. 664)

MARC details
000 -CABECERA
campo de control de longitud fija 01943nam a2200361 a 4500
001 - NÚMERO DE CONTROL
campo de control 000000668
005 - FECHA Y HORA DE LA ÚLTIMA TRANSACCIÓN
campo de control 20250621074003.0
008 - DATOS DE LONGITUD FIJA--INFORMACIÓN GENERAL
campo de control de longitud fija 090422s2005 xxkbc 000 0 fre d
020 ## - NÚMERO INTERNACIONAL ESTÁNDAR DEL LIBRO
Número Internacional Estándar del Libro 9993479667
020 ## - NÚMERO INTERNACIONAL ESTÁNDAR DEL LIBRO
Número Internacional Estándar del Libro 9789993479666
040 ## - FUENTE DE LA CATALOGACIÓN
Centro catalogador/agencia de origen DO-SdBNP
Lengua de catalogación fre
Centro/agencia transcriptor BNPHU
082 ## - NÚMERO DE LA CLASIFICACIÓN DECIMAL DEWEY
Número de clasificación 325.7294
Número de documento/Ítem W891i, 2005
100 1# - ENTRADA PRINCIPAL--NOMBRE DE PERSONA
Nombre de persona Wooding, Bridget
9 (RLIN) 2231
240 10 - TÍTULO UNIFORME
Título uniforme Haitian immigrants and their descendants in the Dominican Republic
Lenguaje de la obra fr
245 14 - MENCIÓN DE TÍTULO
Título Les immigrants haïtiens et leurs descendants en Repúblique Dominicaine /
Mención de responsabilidad, etc. Bridget Wooding, Richard Mosely-Williams.
260 ## - PUBLICACIÓN, DISTRIBUCIÓN, ETC.
Lugar de publicación, distribución, etc. Londres :
Nombre del editor, distribuidor, etc. CIIR,
Fecha de publicación, distribución, etc. 2005
Fabricante Búho
300 ## - DESCRIPCIÓN FÍSICA
Extensión 105 p. :
Otras características físicas map. , retrs. ;
Dimensiones 22 cm.
500 ## - NOTA GENERAL
Nota general Título original en inglés. Needed but unwanted:
505 0# - NOTA DE CONTENIDO CON FORMATO
Título Avant-propos --
-- Introduction --
-- Les origines du comportement des Dominicains vis-á-vis des Haïtiens --
-- La migration haïtienne --
-- Les"Haïtiens" en Republique Dominicaine --
-- Les travaillers de la canne á sucre et les bateys --
-- Les Dominicains-Haïtiens --
-- Travailleurs migrants et immigrés d'aujourd́hui --
-- Les réactions face á l'immigration haïtienne --
-- La campagne en faveur des droits des Haïtiens et de leurs descendants en République Dominicaine --
-- Conclusion --
-- Bibliographie.
590 ## - NOTA LOCAL (RLIN)
Nota local Inventariado, 2018/BT
651 #4 - PUNTO DE ACCESO ADICIONAL DE MATERIA--NOMBRE GEOGRÁFICO
Nombre geográfico Haití -
Subdivisión general Emigración E Inmigración
9 (RLIN) 1425
650 #4 - PUNTO DE ACCESO ADICIONAL DE MATERIA--TÉRMINO DE MATERIA
Término de materia o nombre geográfico como elemento de entrada Haitíanos en república dominicana
9 (RLIN) 2232
651 #4 - PUNTO DE ACCESO ADICIONAL DE MATERIA--NOMBRE GEOGRÁFICO
Nombre geográfico República Dominicana -
Subdivisión general Relaciones Exteriores -
Subdivisión geográfica Haití
9 (RLIN) 2233
651 #4 - PUNTO DE ACCESO ADICIONAL DE MATERIA--NOMBRE GEOGRÁFICO
Nombre geográfico Haití -
Subdivisión general Relaciones Exteriores -
Subdivisión geográfica República Dominicana
9 (RLIN) 2234
651 #0 - PUNTO DE ACCESO ADICIONAL DE MATERIA--NOMBRE GEOGRÁFICO
Nombre geográfico República Dominicana
Subdivisión general Política y gobierno
9 (RLIN) 45
650 #0 - PUNTO DE ACCESO ADICIONAL DE MATERIA--TÉRMINO DE MATERIA
Término de materia o nombre geográfico como elemento de entrada Derechos humanos
9 (RLIN) 658
700 12 - PUNTO DE ACCESO ADICIONAL--NOMBRE DE PERSONA
Nombre de persona Mosely-Williams, Richard
9 (RLIN) 2235
700 12 - PUNTO DE ACCESO ADICIONAL--NOMBRE DE PERSONA
Nombre de persona Arregui, Mariví,
Término indicativo de función/relación trad.
9 (RLIN) 2236
700 12 - PUNTO DE ACCESO ADICIONAL--NOMBRE DE PERSONA
Nombre de persona Paiewonsky, Denise,
Término indicativo de función/relación trad.
9 (RLIN) 2237
700 12 - PUNTO DE ACCESO ADICIONAL--NOMBRE DE PERSONA
Nombre de persona Flores, Carlos
9 (RLIN) 2238
710 2# - PUNTO DE ACCESO ADICIONAL--NOMBRE DE ENTIDAD CORPORATIVA
Nombre de entidad corporativa o nombre de jurisdicción como elemento de entrada Catholic Institute for International Relations
9 (RLIN) 2239
910 ## - DATOS DE OPCIÓN DEL USUARIO (OCLC)
Datos de opción del usuario Validado. Control de calidad. MFF
Holdings
Estado de retiro Estado de pérdida Restricciones de uso No para préstamo Código de colección Localización permanente Ubicación/localización actual Ubicación en estantería Fecha de adquisición Número de inventario Total de préstamos Signatura topográfica completa Código de barras Fecha visto por última vez Número de copia Precio válido a partir de Tipo de ítem Koha
    Préstamo en sala   Dominicana de Servicio Biblioteca Nacional Pedro Henríquez Ureña Biblioteca Nacional Pedro Henríquez Ureña Depósito 25.08.2009 LF1   325.7294 W891i, 2005 668-30 25.06.2020 e.3 25.06.2020 Libros y folletos
      Préstamo restrigido Patrimonio Dominicano Biblioteca Nacional Pedro Henríquez Ureña Biblioteca Nacional Pedro Henríquez Ureña Depósito 25.08.2009 LF1   325.7294 W891i, 2005 668-10 25.06.2020   25.06.2020 Libros y folletos
      Préstamo restrigido Patrimonio Dominicano Biblioteca Nacional Pedro Henríquez Ureña Biblioteca Nacional Pedro Henríquez Ureña Depósito 25.08.2009 LF1   325.7294 W891i, 2005 668-20 25.06.2020 e.2 25.06.2020 Libros y folletos

Powered by Koha